ARGENTINA síntesis económica y financiera n°1.
Guardado en:
| Formato: | Libro |
|---|---|
| Idioma: | Spanish |
| Publicado: |
Buenos Aires :
FIAT,
1960.
|
| Materias: | |
| Etiquetas: |
Agregar Etiqueta
Sin Etiquetas, Sea el primero en etiquetar este registro!
|
| LEADER | 00446nam a22001455a 4500 | ||
|---|---|---|---|
| 001 | EUN.um012923 | ||
| 003 | AR-BaUNS | ||
| 005 | 20050623122855.0 | ||
| 008 | 041125s1960####ag#a##########000#0#spa#d | ||
| 245 | 0 | 0 | |a ARGENTINA síntesis económica y financiera n°1. |
| 260 | |a Buenos Aires : |b FIAT, |c 1960. | ||
| 300 | |a 94 p. : |b ilus. ; |c 29,5 cm. | ||
| 082 | 0 | 4 | |a 338 |
| 653 | |a Argentina sintesis economica | ||
| 859 | |a Ar-BaUNS |b BIB. CENTRAL - Sector C |h 338 |i Ar37-1 |p 1637/960 | ||
